• 首页
  • 本馆介绍
  • 公告通知
  • 最新文献
  • 馆藏检索
  • 电子资源
  • 读者导购
  • 参考咨询
  • 我的图书馆
  • 登录
  • 详细信息显示
  • 放入我的书架
  • 预约/预借图书
  • 作者相关作品
  • 分类相关作品
  • 丛书相关作品
  • 出版社相关作品

书目信息

  • 表格格式
  • 工作单格式
  • 卡片格式
题名:
油脂资源化工利用理论与技术
    
 
作者: 姚志龙 编著
分册:  
出版信息: 北京   中国石化出版社  2018
页数: 220页
开本: 26cm
丛书名:
单 册:
中图分类: TQ64
科图分类:
主题词: 油脂制备--You Zhi Zhi Bei--化学工业
电子资源:
ISBN: 978-7-5114-4800-2
000 01079nam0 2200253 450
001 012001001248
005 20140107171955.0
010    @a978-7-5114-4800-2@dCNY58.00
099    @aCAL 012018063796
100    @a20180530d2018 em y0chiy50 ea
101 0  @achi
102    @aCN@b110000
105    @aak a 000yy
106    @ar
200 1  @a油脂资源化工利用理论与技术@AYou Zhi Zi Yuan Hua Gong Li Yong Li Lun Yu Ji Shu@f姚志龙编著
210    @a北京@c中国石化出版社@d2018
215    @a220页@c图@d26cm
320    @a有书目
330    @a油脂资源作为生物质资源的一个重要组成部分,其开发利用是化学工业实现绿色、协调和生态友好发展的一条重要途径。本书介绍了油脂,尤其是废弃油脂资源的来源、性质和组成特征,采用化学转化的方法生产脂肪酸甲酯、生物基烷烃、生物基烯烃、脂肪醇、生物基润滑剂和1,2-丙二醇等运输燃料和化学品技术的原理、催化剂和工艺。对油脂资源化工利用形成了一个较为系统的知识体系和技术构架。
606 0  @a油脂制备@AYou Zhi Zhi Bei@x化学工业
690    @aTQ64@v5
701  0 @a姚志龙@AYao Zhilong@4编著
801  0 @aCN@b北京卓展@c20191020
905    @b1201650-3@dTQ64@e76@f4
    
    油脂资源化工利用理论与技术/姚志龙编著.-北京:中国石化出版社,2018
    220页:图;26cm
    
    
    ISBN 978-7-5114-4800-2:CNY58.00
    油脂资源作为生物质资源的一个重要组成部分,其开发利用是化学工业实现绿色、协调和生态友好发展的一条重要途径。本书介绍了油脂,尤其是废弃油脂资源的来源、性质和组成特征,采用化学转化的方法生产脂肪酸甲酯、生物基烷烃、生物基烯烃、脂肪醇、生物基润滑剂和1,2-丙二醇等运输燃料和化学品技术的原理、催化剂和工艺。对油脂资源化工利用形成了一个较为系统的知识体系和技术构架。
●
相关链接 在E读中查询图书 在五车中查询图书 在当当中查询图书 在豆瓣中查询图书


正题名:油脂资源化工利用理论与技术     索取号:TQ64/76         预约/预借

序号 登录号 条形码 馆藏地/架位号 状态 备注
1 1201650   212016502   第二样本阅览室/ [索取号:TQ64/76] 在馆    
2 1201651   212016511   第三借阅区/ [索取号:TQ64/76] 在馆    
3 1201652   212016520   第三借阅区/ [索取号:TQ64/76] 在馆    
4 1201653   212016539   第三借阅区/ [索取号:TQ64/76] 在馆    
唐山师范学院图书馆 欢迎您!
大连网信软件有限公司© 版权所有